Random Nintendo Characters - Statistics

General Stats
  • This quiz has been taken 40 times
  • The average score is 15 of 25
Answer Stats
Picture Answer % Correct
Bob-omb
100%
Boo
100%
Bowser
100%
Bowser Jr.
100%
Bulbasaur
100%
Bullet Bill
100%
Chain Chomp
100%
Charizard
100%
Daisy
100%
Diddy Kong
100%
Donkey Kong
100%
Dry Bones
100%
Eevee
100%
Goomba
100%
Greninja
100%
Jigglypuff
100%
Link
100%
Luigi
100%
Luma
100%
Mabel
100%
Mario
100%
Meta Knight
100%
Metroid
100%
Ness
100%
Peach
100%
Pikachu
100%
Pit
100%
Rosalina
100%
Roy
100%
Samus Aran
100%
Sheik
100%
Shy Guy
100%
Skull Kid
100%
Toad
100%
Waluigi
100%
Wario
100%
Yiga Footsoldier
100%
Yoshi
100%
R.O.B.
88%
Mr. Game and Watch
86%
Olimar
86%
Psyduck
86%
Zelda
86%
Falco Lombardi
83%
Geodude
83%
Ice Climbers
83%
Incineroar
83%
Kirby
83%
Little Mac
83%
Wiggler
83%
Byleth
80%
Kamek
80%
Mr. Mime
80%
Duck Hunt
75%
Funky Kong
75%
Inkling (Orange)
75%
King K. Rool
75%
Lucario
75%
Lucina
75%
Matt
75%
Mimikyu
75%
Petey Piranha
75%
Pikmin
75%
Pyra
75%
Ridley
75%
Robin
75%
Squirtle
75%
Ganondorf
71%
Hammer Bro.
71%
Blooper
67%
Bulborb
67%
Cappy
67%
Fox McCloud
67%
Gengar
67%
Kine
67%
Koopa Troopa
67%
Korok
67%
Marth
67%
Mother Brain
67%
Octoling (Agent 8)
67%
Palutena
67%
Saharah
67%
Shulk
67%
Snorlax
67%
Dixie Kong
63%
Lakitu
63%
Waddle Dee
63%
Corrin
60%
Ike
60%
King Dedede
60%
Lucas
60%
Rex
60%
Cranky Kong
50%
Dimitri
50%
Gooey
50%
Isabelle
50%
K.K. Slider
50%
Lickitung
50%
Monty Mole
50%
Samurai Goroh
50%
Tom Nook
50%
Professor Elvin Gadd
43%
Great Deku Tree
40%
Rick
40%
Captain Falcon
33%
Frye
33%
Krystal
33%
Mewtwo
33%
Midna
33%
Octorok
33%
Wolf O’Donnell
33%
Chrom
29%
Saria
29%
Fuzzy
25%
Impa
25%
Isaac
25%
Marx
25%
Mythra
25%
Pauline
25%
Yellow Wollyhop
25%
Noah
20%
Slippy Toad
20%
Marie
14%
Big Man
0%
Blathers
0%
Callie
0%
Cap’n Craig Cuttlefish
0%
Chuchu
0%
Coo
0%
Crusty Sean
0%
Dr. Stewart
0%
Edelgard
0%
Fiery Blowhog
0%
Gardevoir
0%
General Pepper
0%
Glass Joe
0%
Great Fairy
0%
Gulliver
0%
Judd
0%
Kraid
0%
Louie
0%
Nago
0%
Oatchi
0%
Orville
0%
Peppy Hare
0%
Pico
0%
Piplup
0%
Pitch
0%
Ruto
0%
Shiver
0%
No matching quizzes found
Score Distribution
Percent of People with Each Score
Percentile by Number Answered
Your Score History
You have not taken this quiz